Investing in Cuba : (Record no. 10117)

MARC details
000 -LEADER
campo de control de longitud fija 01811cam a2200373 a 4500
001 - NÚMERO DE CONTROL
campo de control 33107
005 - FECHA Y HORA DE LA ÚLTIMA TRANSACCIÓN
campo de control 20230404130046.0
008 - DATOS DE LONGITUD FIJA--INFORMACIÓN GENERAL
campo de control de longitud fija 940421s1994 njua b 100 0 eng
035 ## - NÚMERO DE CONTROL DEL SISTEMA
-- (DLC) 94012389
035 ## - NÚMERO DE CONTROL DEL SISTEMA
Número de control de sistema 2068073
010 ## - NÚMERO DE CONTROL DE LA BIBLIOTECA DEL CONGRESO
Número de control de LC 94012389
020 ## - NÚMERO INTERNACIONAL ESTÁNDAR DEL LIBRO
Número Internacional Estándar del Libro 1560001550 (cloth) :
Condiciones de disponibilidad $32.95
020 ## - NÚMERO INTERNACIONAL ESTÁNDAR DEL LIBRO
Número Internacional Estándar del Libro 1560007869 (paper)
040 ## - FUENTE DE CATALOGACIÓN
Centro catalogador/agencia de origen DLC
Centro/agencia transcriptor DLC
Centro/agencia modificador DLC
041 0# - CÓDIGO DE IDIOMA
Código de lengua del texto/banda sonora o título independiente engspa
043 ## - CÓDIGO DE ÁREA GEOGRÁFICA
Código de área geográfica nwcu---
050 14 - SIGNATURA TOPOGRÁFICA DE LA BIBLIOTECA DEL CONGRESO
Número de clasificación 107 HG 5252
Número de ítem I62 1994
082 00 - NÚMERO DE LA CLASIFICACIÓN DECIMAL DEWEY
Número de clasificación 332.6/73/097291
Número de edición 20
245 00 - MENCIÓN DEL TÍTULO
Título Investing in Cuba :
Resto del título problems and prospects /
Mención de responsabilidad, etc. edited by Jaime Suchlicki and Antonio Jorge.
260 ## - PUBLICACIÓN, DISTRIBUCIÓN, ETC.
Lugar de publicación, distribución, etc. New Brunswick, N.J., U.S.A. :
Nombre del editor, distribuidor, etc. Transaction Publishers,
Fecha de publicación, distribución, etc. c1994.
300 ## - DESCRIPCIÓN FÍSICA
Extensión ix, 176 p. :
Otras características físicas ill. ;
Dimensiones 23 cm.
500 ## - NOTA GENERAL
Nota general English and Spanish.
500 ## - NOTA GENERAL
Nota general "The papers in this volume were presented at the conference 'Investing in Cuba: problems and prospects' held in Toronto, Canada, September 8, 1993, which was sponsored by the Research Institute for Cuba, Coral Gables, Florida, and the Canadian Institute of Strategic Studies, Toronto, Canada"--T.p. verso.
504 ## - NOTA DE BIBLIOGRAFÍA, ETC.
Nota de bibliografía, etc. Includes bibliographical references.
520 1# - RESUMEN, ETC.
Sumario, etc. "Collection of essays identifying problems and risks associated with foreign investment in Cuba. Appendices reproduce the foreign investment law of 1982 (since replaced by a new foreign investment law passed in 1995) and accompanying regulations"--Handbook of Latin American Studies, v. 57.
Identificador Uniforme de Recursos <a href="http://www.loc.gov/hlas/">http://www.loc.gov/hlas/</a>
650 #0 - PUNTO DE ACCESO ADICIONAL DE MATERIA--TÉRMINO DE MATERIA
Término de materia o nombre geográfico como elemento de entrada Investments, Foreign
Subdivisión geográfica Cuba.
651 #0 - PUNTO DE ACCESO ADICIONAL DE MATERIA--NOMBRE GEOGRÁFICO
Nombre geográfico Cuba
Subdivisión general Economic conditions
Subdivisión cronológica 1990-
700 1# - ENTRADA AGREGADA--NOMBRE PERSONAL
Nombre de persona Suchlicki, Jaime.
700 1# - ENTRADA AGREGADA--NOMBRE PERSONAL
Nombre de persona Jorge, Antonio,
Fechas asociadas al nombre 1931-
710 2# - ENTRADA AGREGADA--NOMBRE DE ENTIDAD CORPORATIVA
Nombre de entidad corporativa o nombre de jurisdicción como elemento de entrada Research Institute for Cuba (Coral Gables, Fla.)
710 2# - ENTRADA AGREGADA--NOMBRE DE ENTIDAD CORPORATIVA
Nombre de entidad corporativa o nombre de jurisdicción como elemento de entrada Canadian Institute of Strategic Studies.
942 ## - ELEMENTOS DE ENTRADA SECUNDARIOS (KOHA)
Fuente del sistema de clasificación o colocación Clasificación de Library of Congress
Tipo de ítem Koha
920 ## -
-- ** LC HAS REQ'D # OF SHELF COPIES **
Holdings
Estatus retirado Estado de pérdida Fuente del sistema de clasificación o colocación Estado de daño No para préstamo Colección Biblioteca de origen Biblioteca actual Ubicación en estantería Fecha de adquisición Serial enumeration / chronology Total checkouts Signatura topográfica completa Código de barras Visto por última vez Copia número Precio de reemplazo Tipo de ítem Koha
    Clasificación de Library of Congress     Recursos Regionales Biblioteca Juan Bosch Biblioteca Juan Bosch Recursos Regionales (2do. Piso) 04/04/2023 1   107 HG 5252 I62 1994 00000035578 23/10/2018 1 23/10/2018